Áreas protegidas del territorio CAR (Registro nro. 8624)

Detalles MARC
000 -CABECERA
Campo de control 00949nam a22002417a 4500
005 - FECHA Y HORA DE LA ULTIMA TRANSACCION
Campo de control 20200104041628.0
008 - ELEMENTOS DE LONGITUD FIJA—INFORMACION GENERAL
Campo de control 140825|2007 xxu||||| |||| 00| 0 ck spa d
020 ## - ISBN
ISBN 9789588188102
041 ## - IDIOMA
Código de idioma para texto/pista de sonido o título separado Español
044 ## - PAÍS DE PUBLICACIÓN
País de publicación Colombia
082 ## - NUMERO DE CLASIFICACION DECIMAL DEWEY
Número de clasificación 333.72
Número del ítem A67a
110 ## - ASIENTO PRINCIPAL--NOMBRE CORPORATIVO
Nombre corporativo o de jurisdicción como elemento de entrada Colombia
Unidad subordinad Corporación Autónoma Regional de Cundinamarca-CAR
245 ## - MENCION DE TITULO
Título Áreas protegidas del territorio CAR
Mención de responsabilidad Corporación Autónoma Regional de Cundinamarca-CAR
260 ## - PUBLICACION, DISTRIBUCION, ETC. (PIE DE IMPRENTA)
Lugar de publicación, distribución, etc. Bogotá D.C
Nombre del editor, distribuidor, etc. Corporación Autónoma Regional de Cundinamarca
Fecha de publicación, distribución, etc. 2007
300 ## - DESCRIPCION FISICA
Extensión 119 p.
Otros detalles físicos Fot (col), tablas.
Dimensiones 28 cm.
504 ## - NOTA DE BIBLIOGRAFIA, ETC.
Nota de bibliografía Incluye referencias bibliográficas (pag 117-119)
650 #6 - ASIENTO SECUNDARIO DE MATERIA - TERMINO TEMATICO
Término temático o nombre geográfico como elemento de entrada Gestión ambiental
650 #6 - ASIENTO SECUNDARIO DE MATERIA - TERMINO TEMATICO
Término temático o nombre geográfico como elemento de entrada Conservación de recursos naturales
650 #6 - ASIENTO SECUNDARIO DE MATERIA - TERMINO TEMATICO
Término temático o nombre geográfico como elemento de entrada Áreas Protegidas
710 ## - ASIENTO SECUNDARIO - NOMBRE CORPORATIVO
Nombre corporativo o de jurisdicción como elemento de entrada Colombia
Unidad subordinada Instituto de Investigaciones Biológicas, Alexander von Humboldt
710 ## - ASIENTO SECUNDARIO - NOMBRE CORPORATIVO
Nombre corporativo o de jurisdicción como elemento de entrada Colombia
Unidad subordinada Grupo SIRAP-CAR
942 ## - ELEMENTOS ADICIONALES (KOHA)
Sistema de clasificación Dewey Decimal Classification
Tipo de ítem Libro
Koha issues (borrowed), all copies 3
Existencias
Withdrawn status Lost status Sistema de Clasificación Damaged status No para préstamo Colección Inventariado Ubicación Permanente Ubicación actual Fecha de adquisición Fuente de Valor Valor Total Checkouts Número topográfico Inventario / Código de Barras Date last seen Date checked out Ejemplar Price effective from Forma de adquisición Tipo de material Fecha publicación (Año)
    Dewey Decimal Classification     General Inventariado 2017 Bogotá Bogotá 25/08/2014 Instituto 39000.00 3 LB-333.72 A67a 034611 19/02/2016 19/02/2016 Ej. 1 25/08/2014   Libro  
    Dewey Decimal Classification     General Inventariado 2017 Sala Fabio Quevedo Sala Fabio Quevedo 23/04/2015 Instituto 39000.00   LB-333.72 A67a 039018 23/04/2015   Ej. 2 23/04/2015   Libro 2007